Mafia: Da Giuliano a Dalla Chiesa
| 1. VerfasserIn: | |
|---|---|
| Medienart: | Druck Buch |
| Sprache: | Italienisch |
| Veröffentlicht: |
Roma
Riuniti
1984
|
| In: |
Politica e società (34)
Jahr: 1984 |
| Ausgabe: | 1. ed. |
| Bestand in Tübingen: | In Tübingen vorhanden. UB: KB 7 E 193 |
| Verfügbarkeit prüfen: | HBZ Gateway |
| Subito Bestelldienst: | Jetzt bestellen. |
MARC
| LEADER | 00000cam a22000002c 4500 | ||
|---|---|---|---|
| 001 | 1651023042 | ||
| 003 | DE-627 | ||
| 005 | 20251225205755.0 | ||
| 007 | tu | ||
| 008 | 900725s1984 xx ||||| 00| ||ita c | ||
| 020 | |a 8835927331 |9 88-359-2733-1 | ||
| 035 | |a (DE-627)1651023042 | ||
| 035 | |a (DE-576)021117241 | ||
| 035 | |a (DE-599)BSZ021117241 | ||
| 035 | |a (OCoLC)11866101 | ||
| 040 | |a DE-627 |b ger |c DE-627 |e rakwb | ||
| 041 | |a ita | ||
| 082 | 0 | |a 364.1/06/0458 | |
| 100 | 1 | |8 1\p |a Fava, Giuseppe |d 1925-1984 |0 (DE-588)119389630 |0 (DE-627)080202330 |0 (DE-576)212364642 |4 aut | |
| 109 | |a Fava, Giuseppe 1925-1984 |a Fava, Pippo 1925-1984 | ||
| 245 | 1 | 0 | |a Mafia |b Da Giuliano a Dalla Chiesa |
| 250 | |a 1. ed. | ||
| 264 | 1 | |a Roma |b Riuniti |c 1984 | |
| 300 | |a 144 S. |b Ill. | ||
| 336 | |a Text |b txt |2 rdacontent | ||
| 337 | |a ohne Hilfsmittel zu benutzen |b n |2 rdamedia | ||
| 338 | |a Band |b nc |2 rdacarrier | ||
| 490 | 1 | |a Politica e società |v 34 | |
| 583 | 1 | |a Archivierung prüfen |c 20200919 |f DE-640 |z 2 |2 pdager | |
| 830 | 0 | |a Politica e società |v 34 |9 34 |w (DE-627)182259331 |w (DE-576)009579605 |w (DE-600)1191357-5 |7 am | |
| 883 | |8 1\p |a cgwrk |d 20241001 |q DE-101 |u https://d-nb.info/provenance/plan#cgwrk | ||
| 951 | |a BO | ||
| ELC | |b 1 | ||
| LOK | |0 000 xxxxxcx a22 zn 4500 | ||
| LOK | |0 001 3341343806 | ||
| LOK | |0 003 DE-627 | ||
| LOK | |0 004 1651023042 | ||
| LOK | |0 005 19900725000000 | ||
| LOK | |0 008 900725||||||||||||||||ger||||||| | ||
| LOK | |0 040 |a DE-21 |c DE-627 |d DE-21 | ||
| LOK | |0 852 |a DE-21 | ||
| LOK | |0 852 1 |c KB 7 E 193 |9 00 | ||
| LOK | |0 935 |a krim | ||
| LOK | |0 936ln |a k1 | ||
| LOK | |0 939 |a 25-07-90 |b l01 | ||
| ORI | |a SA-MARC-krimdoka001.raw | ||
| SIG | |a UB: KB 7 E 193 | ||
